000
00304nam a2200121Ia 4500
008
190722s9999 xx 000 0 und d
020
_a
978-5913-866-0
100
_a
Pankaj Ghemawat
245
0
_a
Redefining Global Strategy
260
_a
America
_b
HBR Business School
_c
2007
300
_a
257
942
_c
BK
999
_c
513
_d
513